| 000 | 01169nam a22002657a 4500 | ||
|---|---|---|---|
| 005 | 20170124102944.0 | ||
| 010 | _aA-498732 | ||
| 020 | _c40.00 | ||
| 035 | _aA-498732 | ||
| 037 | _bCen Lib/Ret | ||
| 040 |
_aDPL _bHN |
||
| 082 |
_a822 _bफोंदगी |
||
| 100 |
_aफोंदगी ,आत्माराम ''कमल '' _949213 |
||
| 245 |
_aशब्द महिमा / _cआत्माराम फोंदगी ''कमल '' |
||
| 246 |
_aShabd mahima _bby Atmaram Fondgi ''Komal'' |
||
| 260 |
_aनई दिल्ली _bबिनसर प्रकाशन _c1991 |
||
| 270 |
_aडी -९६,बाबा गंगनाथ मार्किट मुनिरका _b नई दिल्ली _e110067 |
||
| 300 |
_a133पृष्ठ. _c19सेमी(सजिल्द) |
||
| 650 |
_aहिंदी साहित्य _949214 |
||
| 650 |
_aहिंदी काव्य -अध्यात्मिक दर्शन _949215 |
||
| 650 |
_aHindi Literature _949216 |
||
| 650 |
_aHindi poetry philosophy -adyatmik _949217 |
||
| 700 | _94358 | ||
| 942 |
_2ddc _cHN _h822 _mफोंदगी |
||
| 999 |
_c112794 _d112794 |
||